Name all Taylor Swift albums - Statistics

General Stats
  • This quiz has been taken 23 times
  • The average score is 11 of 15
Answer Stats
Hint Answer % Correct
2014 1989
100%
2019 Lover
90%
2022 Midnights
90%
2012 Red
90%
2017 reputation
90%
2006 Taylor Swift
90%
2020 evermore
85%
2020 folklore
85%
2010 Speak Now
85%
2008 Fearless
80%
2024 The Tortured Poets Department
80%
2023 1989 TV
40%
2021 Fearless TV
40%
2021 Red TV
40%
2023 Speak Now TV
40%
No matching quizzes found
Score Distribution
Percent of People with Each Score
Percentile by Number Answered
Your Score History
You have not taken this quiz